The noble scholar, jurist, historian


 His Excellency Dr. Abdul Wahhab bin Ibrahim Abu Sulaiman, may Allah have mercy on him.


 He was born in Umm Al-Qura in the year 1356 AH.

الدرر السنية في الرد على الوهابية ؛ (Record no. 14689)

MARC details
000 -LEADER
fixed length control field 01437cam a2200301 i 4500
003 - CONTROL NUMBER IDENTIFIER
control field SA-RiAUC
005 - DATE AND TIME OF LATEST TRANSACTION
control field 20260330130552.0
008 - FIXED-LENGTH DATA ELEMENTS--GENERAL INFORMATION
fixed length control field 260315s1950 ua g 00000 ara c
040 ## - CATALOGING SOURCE
Original cataloging agency SA-RiAUC
Language of cataloging ara
Transcribing agency SA-RiAUC
Description conventions rda
082 04 - DEWEY DECIMAL CLASSIFICATION NUMBER
Classification number 217.2
Assigning agency SA-RiAUC
090 ## - LOCALLY ASSIGNED LC-TYPE CALL NUMBER (OCLC); LOCAL CALL NUMBER (RLIN)
Classification number (OCLC) (R) ; Classification number, CALL (RLIN) (NR) م ن 217.2
Local cutter number (OCLC) ; Book number/undivided call number, CALL (RLIN) ا ب ن ز
100 1# - MAIN ENTRY--PERSONAL NAME
Personal name ابن زيني دحلان، أحمد،
Dates associated with a name 1232-1304 هجري
Relator term مؤلف.
245 12 - TITLE STATEMENT
Title الدرر السنية في الرد على الوهابية ؛
Remainder of title ويليه رسالة النصر في ذكر وقت صلاة العصر /
Statement of responsibility, etc. تأليف أحمد بن زيني دحلان.
250 ## - EDITION STATEMENT
Edition statement الطبعة الثانية.
264 #1 - PRODUCTION, PUBLICATION, DISTRIBUTION, MANUFACTURE, AND COPYRIGHT NOTICE
Place of production, publication, distribution, manufacture القاهرة :
Name of producer, publisher, distributor, manufacturer شركة مكتبة ومطبعة مصطفى البابي الحلبي،
Date of production, publication, distribution, manufacture, or copyright notice 1950
300 ## - PHYSICAL DESCRIPTION
Extent 75 صفحة ؛
Dimensions 29 سم
336 ## - CONTENT TYPE
Content type term نص
Content type code txt
Source rdacontent
Materials specified كتاب
337 ## - MEDIA TYPE
Media type term بدون وسيط
Media type code n
Source rdamedia
338 ## - CARRIER TYPE
Carrier type term مجلد
Carrier type code nc
Source rdacarrier
650 #7 - SUBJECT ADDED ENTRY--TOPICAL TERM
Topical term or geographic name entry element الوهابية
Source of heading or term aucsh
650 #7 - SUBJECT ADDED ENTRY--TOPICAL TERM
Topical term or geographic name entry element الوعظ والإرشاد
Source of heading or term aucsh
650 #7 - SUBJECT ADDED ENTRY--TOPICAL TERM
Topical term or geographic name entry element الإسلام
General subdivision حركات الإحياء والإصلاح والتجديد
Source of heading or term aucsh
650 #7 - SUBJECT ADDED ENTRY--TOPICAL TERM
Topical term or geographic name entry element صلاة العصر (فقه إسلامي)
Source of heading or term aucsh
650 #7 - SUBJECT ADDED ENTRY--TOPICAL TERM
Topical term or geographic name entry element الشفاعة
Source of heading or term aucsh
700 12 - ADDED ENTRY--PERSONAL NAME
Relationship information مع (عمل) :
Personal name ابن زيني دحلان، أحمد،
Dates associated with a name 1232-1304 هجري
Title of a work رسالة النصر في ذكر وقت صلاة العصر.
942 ## - ADDED ENTRY ELEMENTS (KOHA)
Source of classification or shelving scheme Dewey Decimal Classification
Koha item type كتاب مصور نادر
Suppress in OPAC No
949 ## - LOCAL PROCESSING INFORMATION (OCLC)
a SA-JeALM
d 260315
u mohamedma123
n 1
Holdings
Withdrawn status Lost status Source of classification or shelving scheme Damaged status Not for loan Home library Current library Date acquired Total checkouts Full call number Barcode Date last seen Price effective from Koha item type
    Dewey Decimal Classification     DR AbdElwahab Library DR AbdElwahab Library 03/30/2026   م ن 217.2 ا ب ن ز 000023219 03/30/2026 03/30/2026 كتاب مصور نادر
    Dewey Decimal Classification     DR AbdElwahab Library DR AbdElwahab Library 03/30/2026   م ن 217.2 ا ب ن ز 000023225 03/30/2026 03/30/2026 كتاب مصور نادر